Venire contra factum proprium. Divieto di contraddizione e dovere di coerenza nei rapporti tra privati.

Gespeichert in:
Bibliographische Detailangaben
1. Verfasser: Astone, Francesco (autore)
Format: Buch
Sprache:Englisch
Veröffentlicht: Napoli, Italia: Jovene, 2006.
Schriftenreihe:Biblioteca di diritto privato,
Schlagworte:
Tags: Tag hinzufügen
Keine Tags, Fügen Sie den ersten Tag hinzu!

MARC

LEADER 00000nam a22000007a 4500
003 CL-VaPUC
005 20220822114757.0
008 220801t2006 ||||| |||| 00| 0 eng d
999 |c 437828  |d 437826 
020 |a 88-243-1625-5 
040 |c Pontificia Universidad Católica de Valparaíso 
082 |2 22  |a 346.022 AST 2006  
100 |9 874517  |a Astone, Francesco  |e autore 
245 |a Venire contra factum proprium.   |b Divieto di contraddizione e dovere di coerenza nei rapporti tra privati.  
260 |a Napoli, Italia:   |b Jovene,   |c 2006.  
300 |a XXI, 254 páginas.  
490 |a Biblioteca di diritto privato,   |n  56.  
500 |a c.1 Donación Familia Prof. Alejandro Guzmán Brito. 
583 |c 20220801  |k Yessy Sthefany Diaz Vidal 
650 0 |9 255153  |a Contratos  |x Consideraciones generales   |z Italia  
650 0 |9 255013  |a Derecho civil  |z Italia  
650 0 |9 383961  |a Buena fe   |x Derecho   |z Italia  
942 |2 ddc  |c BK  |n 0 
952 |0 0  |1 0  |2 ddc  |4 0  |6 346_022000000000000_AST_2006  |7 1  |8 C_AGB  |9 585659  |a BIBDER  |b BIBDER  |d 2022-08-01  |e Donación   |i 5653584  |o 346.022 AST 2006  |p 5653584  |r 2023-01-25  |t 1  |w 2022-08-01  |y BK_US  |k AGB